00273nam a2200121Ia 45000030006000000080041000060400015000471000016000622450028000782600016001065460012001220050017001340STCL150530s9999 xx 000 0 und d aSTCLcSTCL aLewis, C.S. aExperiment in criticism bVikasc1979 aEnglish20220125170830.0